| 000 | 01042cam a2200313Li 4500 | ||
|---|---|---|---|
| 001 | 94192 | ||
| 005 | 20230411090052.0 | ||
| 008 | 040331q2002uuuuxx 000 0 eng d | ||
| 035 | _a(OCoLC)ocn491501260 | ||
| 040 |
_aZWZ _encafnor _cZWZ |
||
| 020 | _a977305327X | ||
| 020 | _a9789773053277 | ||
| 029 | 0 |
_aZWZ _b086680447 |
|
| 035 | _a(OCoLC)491501260 | ||
| 049 | _aGRAL | ||
| 245 | 0 | 0 |
_aAlexandria Graeco-Roman Museum A Thematic Guide / _cEdited by Fekri hassan in collaboration with Mostafa El-Abbadi, Ahmed Abdel-Fattah, Mervat Seif el-Din. |
| 246 | 1 | 4 | _aAlexandria Graeco-Roman Museum |
| 246 | 1 | 8 | _aAlexandria Graeco-Roman Museum |
| 260 |
_aLe Caire : _bThe supreme Council of Antiquities, Egypt, _c2002. |
||
| 300 |
_a221 p. : _bfig., ill., couv. ill. ; _c27 cm. |
||
| 504 | _aBibliogr. p. 211-217. | ||
| 700 | 1 |
_aHassan, Fekri A.. _eEd. |
|
| 700 | 1 | _aSeif El-Din, Merwatte. | |
| 700 | 1 |
_aAbbadi, Mostafa el- _d(1928-....) |
|
| 700 | 1 | _aAbdel-Fattah, Ahmed. | |
| 942 |
_2lcc _cbk |
||
| 994 |
_aC0 _bDRFGD |
||
| 946 | _aJP | ||
| 999 |
_c111927 _d111927 |
||